000 00271nam a22001217a 4500
008 160521b xxu||||| |||| 00| 0 eng d
020 _a9780697340795
020 _a0697340791
041 _aeng
080 _a579
245 _aBiology:
_cSulvio S. Moder;
942 _2udc
_cBK
999 _c2335
_d2335